History Quiz

Random History Quiz

History of the Caribbean: Missing Word Quiz Stats

 Plays Quiz not verified by Sporcle

Challenge
Share
Tweet
Embed
Score 0/100 Timer 17:00
0 Plays Today
% Correct
Vaccine
86.4%
Red
86.4%
1492
84.1%
Privateer
84.1%
Nikita
84.1%
United
84.1%
Beijing
84.1%
Pigs
81.8%
Raúl
81.8%
Cool
81.8%
Cigars
81.8%
Queen
81.8%
Sidney
81.8%
First
81.8%
Treasury
79.5%
Simón
79.5%
Haiti
79.5%
Bahamas
79.5%
Netherlands
79.5%
Belafonte
79.5%
Spanish
77.3%
Ernesto
77.3%
City
77.3%
Haile
77.3%
Slaves
77.3%
Batista
75%
Crimean
75%
Birds
75%
1626
75%
Cliff
75%
Female
75%
Angolan
72.7%
Bruce
72.7%
Louverture
72.7%
% Correct
Educated
72.7%
Ear
72.7%
France
72.7%
1510
72.7%
Leg
72.7%
Maine
70.5%
1983
70.5%
Danish
70.5%
Smoker
70.5%
Pregnant
70.5%
Malta
70.5%
2002
68.2%
Star
68.2%
Federation
68.2%
Prussia
68.2%
Caribbean
68.2%
Dead
68.2%
Goats
65.9%
Baron
65.9%
Lilian
65.9%
Kingdom
63.6%
Richards
63.6%
Shelly
63.6%
Fruit
63.6%
Treaty
63.6%
Monk
63.6%
SOS
61.4%
Wailing
61.4%
Billionaire
61.4%
Taino
61.4%
Redlegs
61.4%
Blockade
61.4%
Purple
59.1%
Lara
59.1%
% Correct
Dominican
59.1%
Anguilla
59.1%
1970
59.1%
Maroon
59.1%
Town
59.1%
Baptist
59.1%
Sweden
59.1%
Lollypop
59.1%
Treasure
59.1%
Walcott
56.8%
FIFA
56.8%
Ogaden
54.5%
House
54.5%
Shame
54.5%
Carlos
52.3%
Roatán
52.3%
Limbo
52.3%
Pact
50%
Medical
50%
Jamaica
50%
Semigallia
50%
Second
50%
Martinique
50%
Colombia
47.7%
Parsley
47.7%
Dahomey
47.7%
Spain
47.7%
Zong
47.7%
Cuito
45.5%
1981
45.5%
Adventurers
45.5%
Woodes
40.9%

You're not logged in!

Compare scores with friends on all Sporcle quizzes.
OR
Log In

You Might Also Like...

Show Comments

Extras

Created May 25, 2016ReportNominate
Tags:caribbean

Top Quizzes Today


Score Distribution

Your Account Isn't Verified!

In order to create a playlist on Sporcle, you need to verify the email address you used during registration. Go to your Sporcle Settings to finish the process.

Report this User

Report this user for behavior that violates our Community Guidelines.

Details: